Equal and contrastive features of female and male characters in works of William Shakespeare bakalárska práca

Na minha lista:
Detalhes bibliográficos
Autor principal: Husárová, Paulína
Autor Corporativo: Fakulta aplikovaných jazykov EU v Bratislave. Katedra interkultúrnej komunikácie
Outros Autores: Mandáková, Alexandra, 1980-
Formato: Livro
Idioma:inglês
Publicado em: Bratislava 2024
Tags: Adicionar Tag
Sem tags, seja o primeiro a adicionar uma tag!

MARC

LEADER 00000nbm a2200000 4500
001 0300589
005 20250327122518.9
041 0 |a eng 
044 |a SK 
245 1 0 |a Equal and contrastive features of female and male characters in works of William Shakespeare  |b bakalárska práca  |c Paulína Husárová ; školiteľ: Alexandra Mandáková 
264 1 |a Bratislava  |c 2024 
300 |a 51 s. 
100 1 |a Husárová, Paulína 
700 1 |a Mandáková, Alexandra, 1980- 
710 2 |a Fakulta aplikovaných jazykov EU v Bratislave. Katedra interkultúrnej komunikácie